| 000 | 00445nam a2200157 4500 | ||
|---|---|---|---|
| 001 | 111013 | ||
| 003 | ES-MaACL | ||
| 005 | 20230906185225.0 | ||
| 007 | t| | ||
| 008 | 061121s1960 sp r ||||1| spa d | ||
| 100 | 1 |
_aNadal Puig, N. _984808 |
|
| 245 | 1 | 0 |
_aMemorias de un personaje desconocido / _cN. Nadal Puig. |
| 260 |
_aBarcelona : _b[s.n], _c1960 ( _fImp. Grafcolor) |
||
| 300 |
_a149 p. ; _c21 cm. |
||
| 852 |
_aES-MaACL _jC-17125 _bR.45605 |
||
| 999 |
_c111013 _d111013 |
||